| 000 | 00439nam a2200169 4500 | ||
|---|---|---|---|
| 005 | 20260326191228.0 | ||
| 020 | _a9788197673085 | ||
| 082 |
_a920.72 _bTHA.W |
||
| 084 | _2Colon Classification | ||
| 100 |
_aThapar, Romila _912690 |
||
| 245 |
_aWomen writing history: _bThree generations |
||
| 260 |
_aNew Delhi: _bzubaan; _c2025. |
||
| 300 | _a182p. | ||
| 700 |
_aKumkum roy _912691 |
||
| 700 |
_aPreeti Gulati _912692 |
||
| 942 |
_2ddc _cBK |
||
| 999 |
_c758178 _d758178 |
||